| 000 | 00967nam a22002417a 4500 | ||
|---|---|---|---|
| 999 |
_c4200 _d4200 |
||
| 003 | AR-CdUCM | ||
| 008 | 190308b ||||| |||| 00| 0 spa d | ||
| 040 |
_aMUNICIPALIDAD PROVINCIAL DEL CUSCO _cBIBLIOTECA MUNICIPAL DEL CUSCO |
||
| 041 | _heng | ||
| 082 |
_a720.95204 / _bB78 |
||
| 100 |
_aBoyd, Robin _913306 |
||
| 245 | _aNuevos caminos de la arquitectura japonesa / | ||
| 260 |
_aBarcelona : _bBlume, _c1969. |
||
| 300 |
_a128 páginas ; _bilustraciones, fotografías, _c24 cm. |
||
| 440 |
_aColección Nuevos Caminos de la Arquitectura. _n6 _913307 |
||
| 505 | _aContenido: La tradición ineludible -- La sicosis del espacio -- Entre Oriente y Occidente -- Entre los Arquitectos -- Traducción de las leyendas -- Principales publicaciones japonesas sobre Arquitectura ... | ||
| 650 |
_aArquitectura _93356 |
||
| 650 |
_aJapón _98219 |
||
| 650 |
_aSiglo XX _98 |
||
| 700 |
_aCano Vázquez, José (traducción) _913308 |
||
| 942 |
_2ddc _cLIBROS |
||
| 945 | _aachl | ||